| 000 | 00469nam a2200181Ia 4500 | ||
|---|---|---|---|
| 005 | 20250603145853.0 | ||
| 008 | 250603s9999 xx 000 0 und d | ||
| 020 | _a9781933762302 | ||
| 050 | _aTN 871.5 .C49/ | ||
| 100 | _aChilingar, George V | ||
| 245 | 4 | _aThe fundamentals of corrosion and scaling for petroleum and environmental engineers | |
| 260 | _aHouston | ||
| 260 | _b Gulf Pub | ||
| 260 | _c2008 | ||
| 300 | _a67 p | ||
| 650 | _aHouston | ||
| 942 | _cBK | ||
| 999 |
_c43099 _d43099 |
||